000 00276nam a22001217a 4500
003 SGT
082 _a339
_bMYN
100 _aMYNENI S R
245 _aINDIAN ECONOMICS
_bFOR LAW STUDENTS
260 _aFARIDABAD
_bALLAHABAD LAW AGENCY
_c1999
300 _a508
942 _2ddc
_cBK
_01
999 _c25530
_d25530